000 01423nam0a2200385 4500
001 RU\NLR\bibl\728741
005 20250613234934.0
010 _a5-17-020062-5
_bООО "Изд-во АСТ"
010 _a5-271-07415-3
_bООО "Изд-во Астрель"
010 _a0-00-472298-1
_92000
021 _aRU
_b2004-44792
_92224
035 _aRSL-KNO-002456140
035 _a(NLR Aleph) 000718721
090 _a689337
_c689337
100 _a20040727d2004 |||y0rusy50 ca
101 1 _arus
_ceng
102 _aRU
105 _aa |||||||||
106 _ar
200 1 _aСонник
_f[пер. с англ. Н. М. Клементьевой]
210 _aМ.
_cАСТ
_cАстрель
_d2004
_eРУП Минская фабрика цветной печати
215 _a254 с.
_cил.
_d15
225 1 _aМини-энциклопедия
225 1 _aВсе обо всем
606 0 _aСонники
_91660313
_3RU\NLR\auth\661034235
610 0 _aРелигия -- Вневероисповедные формы религии -- Мантика (гадания) -- Онейроскопия (гадание по снам) -- Сонники
686 _aЭ391.221,088
_2rubbk
686 _aЭ391.221,088
801 0 _aRU
_bRuMoRKP
_c20040727
_grcr
801 1 _aRU
_bRuMoRGB
_c20040727
801 2 _aRU
_bNLR
_c20050224
_gPSBO
942 _cBOOK
980 _aNB